Postacie z serialu Świat według Kiepskich - nagła śmierć - Statystyki

Ogólne statystyki
  • Ten quiz został rozwiązany 374 razy
  • Średni wynik to 9 z 10
Answers on the Grid
Answers color-coded by a green-red scale on the quiz's grid according to % correct below.
Ferdynand Kiepski
Ludwik Boski
Bożena Stańska
Halina Kiepska
Mateusz Żmigrodzki
Waldek Kiepski
Natalka Mostowiak
Mariola Kiepska
Więcławska
Arnold Boczek
Karol Krawczyk
Marian Paździoch
Ula Cieplak
Helena Paździochowa
Waldek Złotopolski
Badura
Tadeusz Norek
Prezes Kozłowski
Malinowska
Regina Grzelak
 
Statystyki odpowiedzi
Odpowiedź % Poprawnych
Ferdynand Kiepski
98%
Halina Kiepska
95%
Marian Paździoch
94%
Waldek Kiepski
93%
Arnold Boczek
92%
Mariola Kiepska
90%
Helena Paździochowa
89%
Malinowska
73%
Prezes Kozłowski
73%
Badura
68%
Nie znaleziono quizów pasujących do podanych kryteriów
Rozkład punktacji
Procent ludzi z każdym wynikiem
Percentyl według liczby udzielonych odpowiedzi
Twoja historia wyników
Nie rozwiązałeś tego quizu